Información y desarrollo: diálogo entre proveedores y usuarios. Informe de la Reunión sobre Información para el Desarrollo en Latinoamérica y el Caribe /

Shranjeno v:
Bibliografske podrobnosti
Glavni avtor: Beltrán S., Luis Ramiro
Drugi avtorji: Johnson de Vodanovic, Betty
Format: Texto
Izdano: Bogotá: Publicación del CIID
Teme:
Oznake: Označite
Brez oznak, prvi označite!

MARC

LEADER 00000 a a2200000 04500
001 15479
003
040
090 |a 016900  
100 |a Beltrán S., Luis Ramiro  
245 |a Información y desarrollo: diálogo entre proveedores y usuarios. Informe de la Reunión sobre Información para el Desarrollo en Latinoamérica y el Caribe /  |c Luis Ramiro Beltrán S. 
260 |a Bogotá:   |b Publicación del CIID  
300 |a 137 p.  
650 |a SERVICIOS DE INFORMACION  
700 |a Johnson de Vodanovic, Betty  
999 |c 14270  |d 14270